000 01031nam a2200253 i 4500
001 138300
003 ES-MaACL
005 20250731070135.0
007 t|
008 070214s1922 sp |||| | spa d
100 1 _aSanchís Banús, José.
_9103010
245 1 3 _aLa psiquiatría en la novela española contemporánea
_b: conferencia leída en el Ateneo de Madrid /
_cpor el Dr. José Sanchís Banús.
260 _aMadrid :
_b[s. n.],
_c1922 (
_fImp. de A. Marzo)
300 _a48 p. ;
_c20 cm.
530 _aDisponible en formato digital.
610 2 4 _aAteneo de Madrid-
_vConferencias-
_y1900-1939
_91907
650 0 4 _aNovela española-
_yS.XX-
_xHistoria y crítica
_915617
650 _aEnfermedades mentales-
_xEn la literatura.
_912267
710 2 _aAteneo de Madrid.
_91875
852 _aES-MaACL
_j1638-F-18
_9143287
_cDEPOF
_zRevisado enlace: 02 de Abril de 2025
856 _uhttp://bdh-rd.bne.es/viewer.vm?id=0000205764&page=1
_yBiblioteca Digital Hispánica
942 _2udc
999 _c138300
_d138300